Geography Quiz

Random Geography or State Quiz

International State Matchup Quiz Stats

 Plays Quiz not verified by Sporcle

Score 0/26 Timer 10:00
0 Plays Today
Administrative Division Country % Correct
IdahoUnited States Of America
97.7%
New BrunswickCanada
95.5%
QueenslandAustralia
95.5%
XizangChina
95.5%
AndalusiaSpain
93.2%
Schleswig HolsteinGermany
93.2%
LombardyItaly
84.1%
QueretaroMexico
81.8%
SverdlovskRussia
75%
GujaretIndia
75%
Kentriki MacedoniaGreece
72.7%
EsfahanIran
70.5%
GyeonggiSouth Korea
70.5%
Administrative Division Country % Correct
PomorskiePoland
65.9%
GoiasBrazil
63.6%
North BrabantNetherlands
52.3%
CarlowIreland
47.7%
MieJapan
47.7%
LimpopoSouth Africa
45.5%
CorseFrance
43.2%
ThurrockUK
34.1%
OromiyaEthiopia
25%
ArushaTanzania
25%
ChubutArgentina
20.5%
KassalaSudan
15.9%
ManiemaDemocratic Republic Of The Congo
15.9%

You're not logged in!

Compare scores with friends on all Sporcle quizzes.
OR
Log In

Sporcle TV

Today on Sporcle TV


Watch our educational content, quiz creation guides, and fun videos on Sporcle TV.

Show Comments

Extras

Top Quizzes Today


Score Distribution

Your Account Isn't Verified!

In order to create a playlist on Sporcle, you need to verify the email address you used during registration. Go to your Sporcle Settings to finish the process.

Report this User

Report this user for behavior that violates our Community Guidelines.

Details: